Nom des bouteilles de vin par taille - Statistiques

Statistiques générales
  • Ce quiz a été pris 825 fois
    369 depuis la dernière actualisation
  • Le résultat moyen est 5 sur 13
Statistiques - réponses
Volume Équivalent % Correct
1.5 L Magnum
91%
3 L Jéroboam
69%
0.75 L Bouteille
66%
0.375 L Fillette
58%
6 L Mathusalem
48%
12 L Balthazar
39%
15 L Nabuchodonosor
39%
18 L Melchior
32%
0.20 L Piccolo
28%
9 L Salmanazar
22%
4.5 L Réhoboam
13%
0.25 L Chopine
9%
30 L Melchisédech
8%
Aucun quiz correspondant
Distribution des résultats
% des personnes avec chaque résultat
Percentile par nombre de réponses
Votre historique - résultats
Vous n’avez pas pris ce quiz depuis la dernière actualisation